000 00441nam a2200157Ia 4500
008 210716s2010 xx 000 0 und d
020 _a9789350230343
041 _aeng
082 _a004.604 SNIL
100 _aSnider, Lesa.
245 _aPhotoshop CS5: the missing manual.
_bMissing manual.
250 _a1
260 _aMumbai
_bShroff Publishers and Distributors Pvt Ltd
_c2010
300 _axviii,796,19
650 _aPhotographs(779)
999 _c191008
_d191008